Técnica quirúrgica sincronizada / (Record no. 35585)

MARC details
000 -LEADER
campo de control de longitud fija 00597nam a2200169 i 4500
001 - NÚMERO DE CONTROL
campo de control 35585
003 - IDENTIFICADOR DE NÚMERO DE CONTROL
campo de control ES-MaACL
005 - FECHA Y HORA DE LA ÚLTIMA TRANSACCIÓN
campo de control 20230906155146.0
007 - CAMPO FIJO DE DESCRIPCIÓN FÍSICA--INFORMACIÓN GENERAL
campo de control de longitud fija t|
008 - DATOS DE LONGITUD FIJA--INFORMACIÓN GENERAL
campo de control de longitud fija 030213m19371940ag ||||1| spa d
100 1# - ENTRADA PRINCIPAL--NOMBRE DE PERSONA
Nombre de persona Bosch Arana, Guillermo.
9 (RLIN) 30647
245 10 - MENCIÓN DEL TÍTULO
Título Técnica quirúrgica sincronizada /
Mención de responsabilidad, etc. Guillermo Bosch Arana en colaboración con los jefes de trabajos prácticos Carlos Fernicola ... [et al.].
260 ## - PUBLICACIÓN, DISTRIBUCIÓN, ETC.
Lugar de publicación, distribución, etc. Buenos Aires :
Nombre del editor, distribuidor, etc. Aniceto López,
Fecha de publicación, distribución, etc. 1937-40.
300 ## - DESCRIPCIÓN FÍSICA
Extensión 2 v. :
Otras características físicas il., 13 lám. ;
Dimensiones 27 cm.
700 1# - ENTRADA AGREGADA--NOMBRE PERSONAL
Nombre de persona Fernicola, Carlos.
9 (RLIN) 50212
852 ## - LOCALIZACIÓN
Ubicación ES-MaACL
Número de control de estantería E-1531-32
Sublocalización o colección R.27156
Holdings
Estatus retirado Estado de pérdida Estado de daño No para préstamo Biblioteca de origen Biblioteca actual Ubicación en estantería Fecha de adquisición Fuente de adquisición Total de préstamos Signatura topográfica completa Código de barras Visto por última vez Precio de reemplazo Tipo de ítem Koha
        Biblioteca del Ateneo de Madrid Biblioteca del Ateneo de Madrid Depósito 2 17/01/2008     E-1531-32 1037257 23/02/2023 23/02/2023 Libro impreso